00313 2200145 4500245002700000020002200027250001000049100001400059005001900073260002300092041001400115084000900129300002000138336000900158 aBulancTere LiyehText a978-602-03-1411-2 aCet.1 aTere Liye a20240926072801 aJakartabGPUc2015 aIndonesia aNONE a400 hlm :c20cm atext